Bude Nikola Corporation po úspešnom IPO stúpať slávnej Tesle na päty?
Zdá sa, že firmy, ktoré sa aj napriek neistote z následkov koronakrízy rozhodli riskovať a neodložiť vstup na burzu, sú odmeňované výrazným úspechom. Spoločnosť Nikola Corporation, konkurent slávnejšej Tesly, má veľké ambície v segmente alternatívneho pohonu áut. Konkrétne do segmentu palivových člá...
Salvato in:
| Autore principale: | |
|---|---|
| Natura: | Capitolo di libro |
| Lingua: | slovacco |
| Soggetti: | |
| Tags: |
Nessun Tag, puoi essere il primo ad aggiungerne!!
|
MARC
| LEADER | 00000naa a2200000 4500 | ||
|---|---|---|---|
| 001 | 0269393 | ||
| 005 | 20201021155903.9 | ||
| 041 | 0 | |a slo | |
| 044 | |a SK | ||
| 245 | 1 | 0 | |a Bude Nikola Corporation po úspešnom IPO stúpať slávnej Tesle na päty? |c Olívia Lacenová |
| 520 | |a Zdá sa, že firmy, ktoré sa aj napriek neistote z následkov koronakrízy rozhodli riskovať a neodložiť vstup na burzu, sú odmeňované výrazným úspechom. Spoločnosť Nikola Corporation, konkurent slávnejšej Tesly, má veľké ambície v segmente alternatívneho pohonu áut. Konkrétne do segmentu palivových článkov, čiže áut na vodíkový pohon. | ||
| 610 | 2 | 0 | |a firmy |
| 610 | 2 | 0 | |a stratégia podniková |
| 610 | 2 | 0 | |a burzy |
| 610 | 2 | 0 | |a konkurencia |
| 100 | 1 | |a Lacenová, Olívia | |